Lôgích trong tranh luận

محفوظ في:
التفاصيل البيبلوغرافية
المؤلف الرئيسي: Nguyễn Trường Giang
التنسيق: كتاب
اللغة:Undetermined
منشور في: Tp. HCM Thanh Niên 2002
الموضوعات:
الوسوم: إضافة وسم
لا توجد وسوم, كن أول من يضع وسما على هذه التسجيلة!
Thư viện lưu trữ: Trung tâm Học liệu Trường Đại học Cần Thơ
LEADER 00484nam a2200181Ia 4500
001 CTU_54178
008 210402s9999 xx 000 0 und d
020 |b 16000 
082 |a 160 
082 |b Gi106 
100 |a Nguyễn Trường Giang 
245 0 |a Lôgích trong tranh luận 
245 0 |c Nguyễn Trường Giang 
260 |a Tp. HCM 
260 |b Thanh Niên 
260 |c 2002 
650 |a logic 
980 |a Trung tâm Học liệu Trường Đại học Cần Thơ